[Event "SLO-chT"]
[Site "Bled"]
[Date "1999.11.11"]
[Round "4"]
[White "Mikhalchishin, Adrian"]
[Black "Sermek, Drazen"]
[Result "1/2-1/2"]
[WhiteElo "2552"]
[BlackElo "2545"]
[PlyCount "46"]
[EventDate "1999.11.08"]
[Source "www.chesslib.no"]
[SourceDate "2004.05.04"]

1. d4 d5 2. c4 dxc4 3. e3 c5 4. Bxc4 cxd4 5. exd4 Qc7 6. Bb3 Bg4 7. f3 Bd7 8. d5 g6 9. Nc3 Bg7 10. Nge2 Nf6 11. Bf4 Qb6 12. Qd4 Qxd4 13. Nxd4 O-O 14. O-O-O Na6 15. Kb1 Rfe8 16. Rhe1 Nc5 17. Bc2 e5 18. Rxe5 Rxe5 19. Bxe5 Nxd5 20. Bxg7 Nxc3+ 21. bxc3 Kxg7 22. Nb3 Nxb3 23. axb3 Bc6 1/2-1/2

[Event "XIX Czech Open Synthesia Rapid"]
[Site "Pardubice CEC"]
[Date "2008.07.17"]
[Round "6"]
[White "Epishin, V."]
[Black "Kabanov, N."]
[Result "1/2-1/2"]
[WhiteElo "2574"]
[BlackElo "2521"]
[PlyCount "89"]
[EventDate "2008.07.16"]
[Source "www.chesslib.no"]
[SourceDate "2004.05.04"]

1. d4 d5 2. c4 dxc4 3. e3 e5 4. Bxc4 exd4 5. exd4 Nf6 6. Nf3 Bd6 7. O-O O-O 8. Nc3 Bg4 9. h3 Bh5 10. g4 Bg6 11. Ne5 Ne4 12. f4 Nxc3 13. bxc3 Be4 14. Qe1 Bc6 15. a4 Nd7 16. a5 Nf6 17. a6 Qe8 18. g5 Nd5 19. Ra2 Nb6 20. Bd3 Bxe5 21. fxe5 Qe6 22. Qh4 g6 23. Ra5 Rad8 24. Qg4 Qb3 25. Rc5 Rd5 26. Qd1 Qxd1 27. Rxd1 Rxc5 28. dxc5 Nd7 29. axb7 Bxb7 30. Bxg6 Nxe5 31. Bf5 Re8 32. Kf2 Bc6 33. Bf4 a5 34. Ra1 a4 35. Bc2 Nc4 36. Bd3 Nb2 37. Be2 Ra8 38. Ra3 Bd5 39. Bxc7 Bc4 40. Bf3 Ra7 41. Bb6 Ra6 42. Bb7 Nd3+ 43. Ke3 Nxc5 44. Kd4 Nxb7 45. Kxc4 1/2-1/2

[Event "CRO Cup"]
[Site "Pula"]
[Date "2002.05.08"]
[Round "2"]
[White "Kozul, Zdenko"]
[Black "Varga, Zoltan"]
[Result "1/2-1/2"]
[WhiteElo "2595"]
[BlackElo "2495"]
[PlyCount "42"]
[EventDate "2002.05.07"]
[Source "ChessBase"]
[SourceDate "2002.07.08"]

1. d4 d5 2. c4 dxc4 3. e3 Be6 4. Ne2 f6 5. Nd2 c5 6. Nf4 Bf7 7. d5 Bxd5 8. Nxd5 Qxd5 9. e4 Qd7 10. Bxc4 Nc6 11. Qh5+ g6 12. Qxc5 Nd4 13. O-O e6 14. Qa5 b5 15. Bb3 Ne7 16. Bd1 Nec6 17. Qc3 Bg7 18. Nb3 O-O 19. Qh3 f5 20. exf5 exf5 21. Be3 Kh8 1/2-1/2

[Event "Kstovo op"]
[Site "Kstovo"]
[Date "1994.??.??"]
[Round "9"]
[White "Anastasian, Ashot"]
[Black "Vaulin, Alexander"]
[Result "1/2-1/2"]
[WhiteElo "2540"]
[BlackElo "2550"]
[PlyCount "80"]
[EventDate "1994.08.??"]
[Source "ChessBase"]

1. d4 d5 2. c4 dxc4 3. Nc3 a6 4. a4 Nc6 5. Nf3 Bg4 6. e3 Na5 7. Be2 e6 8. Ne5 Bxe2 9. Qxe2 c5 10. d5 exd5 11. e4 Bd6 12. exd5 Qe7 13. Bf4 Nf6 14. O-O O-O 15. Ng4 Qxe2 16. Nxe2 Ne4 17. Be3 Nb3 18. Rad1 f5 19. f3 Nf6 20. Nxf6+ Rxf6 21. Nc3 Re8 22. Bf2 Be5 23. Rfe1 Kf7 24. Bh4 Rd6 25. Kf1 Rd7 26. Bg3 Bxg3 27. Rxe8 Kxe8 28. hxg3 Kf8 29. Kf2 b6 30. g4 fxg4 31. fxg4 Nd4 32. Ke3 b5 33. axb5 axb5 34. Ke4 Re7+ 35. Kf4 Ne2+ 36. Kf5 Ng3+ 37. Kg5 Ne4+ 38. Kf4 Nxc3 39. bxc3 Rb7 40. Ke5 b4 1/2-1/2

[Event "Open"]
[Site "Porto San Giorgo"]
[Date "2003.08.27"]
[Round "7"]
[White "Miladinovic, Igor"]
[Black "Efimov, Igor"]
[Result "1-0"]
[WhiteElo "2609"]
[BlackElo "2479"]
[PlyCount "65"]
[EventDate "2003.08.21"]
[Source "Roberto Alvarez"]
[SourceDate "2003.09.01"]

1. d4 d5 2. c4 dxc4 3. e3 Nf6 4. Bxc4 e6 5. Nc3 a6 6. Qf3 Nbd7 7. Nge2 c5 8. O-O Qc7 9. Bb3 Bd6 10. h3 O-O 11. e4 cxd4 12. Nxd4 b5 13. Bg5 Bb7 14. Rac1 Qa5 15. Bh4 b4 16. Na4 Bxe4 17. Qd1 Bf4 18. Nc6 Qb5 19. Nd4 Qb7 20. Bxf6 Bxc1 21. Bxg7 Rfc8 22. Qg4 Bg6 23. Nxe6 Qe4 24. Qxe4 Bxe4 25. Rd1 fxe6 26. Rxd7 Re8 27. Bf6 Rac8 28. Nb6 Kf8 29. Bg7+ Kg8 30. Nxc8 Bc6 31. Rc7 Bf4 32. Rxc6 Kxg7 33. g3 1-0

[Event "White Nights op"]
[Site "St Petersburg"]
[Date "2000.07.01"]
[Round "8"]
[White "Fedorov, Alexei"]
[Black "Tarasov, Mikhail"]
[Result "1/2-1/2"]
[WhiteElo "2684"]
[BlackElo "2401"]
[PlyCount "64"]
[EventDate "2000.06.23"]
[Source "ChessBase"]
[SourceDate "2000.07.11"]

1. d4 d5 2. c4 dxc4 3. e3 Nf6 4. Bxc4 g6 5. Nf3 Bg7 6. O-O O-O 7. Nc3 Nfd7 8. b3 Nb6 9. Be2 Nc6 10. Bb2 e5 11. dxe5 Nxe5 12. Qc2 c6 13. Rfd1 Nxf3+ 14. Bxf3 Qe7 15. Ne4 Be6 16. Bxg7 Kxg7 17. Qc3+ f6 18. Qc5 Qc7 19. Nc3 Qf7 20. Ne4 Qc7 21. Nd6 Nd7 22. Qb4 Rab8 23. Nb5 cxb5 24. Qe7+ Rf7 25. Qxe6 Ne5 26. Be2 a6 27. Rac1 Nc6 28. b4 Rd8 29. a3 Rxd1+ 30. Bxd1 Qd7 31. Qa2 Qd6 32. Be2 Rd7 1/2-1/2

[Event "SLO-chT"]
[Site "Ljubljana"]
[Date "1997.??.??"]
[Round "?"]
[White "Mikhalchishin, Adrian"]
[Black "Sermek, Drazen"]
[Result "1/2-1/2"]
[WhiteElo "2515"]
[BlackElo "2565"]
[PlyCount "23"]
[EventDate "1997.07.??"]
[Source "ChessBase"]
[SourceDate "1998.03.09"]

1. d4 d5 2. c4 dxc4 3. e3 c5 4. Bxc4 cxd4 5. exd4 Qc7 6. Bb3 Bg4 7. f3 Bd7 8. d5 g6 9. Ne2 Bg7 10. Nbc3 Nf6 11. Be3 O-O 12. O-O 1/2-1/2